00650nam a2200193Ia 450000500170000000800460001703700120006304000210007504100130009608400210010910000250013024500680015526000470022330000140027065000260028494200210031099900210033195201040035220250508161610.0008 250505s9999 xx 000 0 eng d aTextual aFEDL bengcFEDL aeng2eng a371.2, OVAqFEDL aOvard Glen F9333851 0aChange and secondary school administration : A book of readings aNew York, USAbThe Macmillan Companyc1968 axiv,480p. aSchool Administration cTEXLh371.2, OVA c1371033d1371033 00104070aFEDLbFEDLd2025-05-08l0o371.2, OVApEL0058647r2025-05-08 16:16:10w2025-05-08yTEXL